000 00431nam a2200157Ia 4500
003 GCL
008 140319s9999 xx 000 0 eng d
040 _aGCL /
_cGCL
082 0 4 _a304.6
_bW P
100 1 _aWEEKS, JOHN R.
245 1 0 _aPOPULATION: AN INTRODUCTION TO COMCEPTS AND ISSUES UPDATED /
_cWEEKS, JOHN R.
260 _a[S.N] :
_bWADSUARTH PUBBISINT COMPANY
300 _a583 P
650 0 4 _aPOPULATION
942 _2ddc
_cBK
999 _c24072
_d24072